MARC details
| 000 -CABECERA |
| campo de control de longitud fija |
02189cam a2200301 i 4500 |
| 001 - NÚMERO DE CONTROL |
| campo de control |
991107209762206196 |
| 005 - FECHA Y HORA DE LA ÚLTIMA TRANSACCIÓN |
| campo de control |
20250407101815.0 |
| 008 - DATOS DE LONGITUD FIJA--INFORMACIÓN GENERAL |
| campo de control de longitud fija |
220113t20232023enka b 001 0 eng d |
| 020 ## - NÚMERO INTERNACIONAL ESTÁNDAR DEL LIBRO |
| Número Internacional Estándar del Libro |
9781398608153 |
| 035 ## - NÚMERO DE CONTROL DEL SISTEMA |
| Número de control de sistema |
(OCoLC)1291876047 |
| Número de control cancelado/no válido |
(OCoLC)1291694704 |
| -- |
(OCoLC)1291696859 |
| -- |
(OCoLC)1291733437 |
| -- |
(OCoLC)1291738021 |
| -- |
(OCoLC)1291876462 |
| 035 ## - NÚMERO DE CONTROL DEL SISTEMA |
| Número de control de sistema |
(OCoLC)on1291876047 |
| 040 ## - FUENTE DE LA CATALOGACIÓN |
| Centro catalogador/agencia de origen |
YDX |
| Lengua de catalogación |
eng |
| Normas de descripción |
rda |
| Centro/agencia transcriptor |
YDX |
| Centro/agencia modificador |
YDX |
| 041 ## - CÓDIGO DE LENGUA |
| Código de lengua del texto/banda sonora o título independiente |
eng |
| 050 #4 - SIGNATURA TOPOGRÁFICA DE LA BIBLIOTECA DEL CONGRESO |
| Número de clasificación |
HF5415.1255 |
| Número de documento/Ítem |
.B34 2023 |
| 100 ## - ENTRADA PRINCIPAL--NOMBRE DE PERSONA |
| Nombre de persona |
Bailey, Simon |
| Término indicativo de función/relación |
author |
| 9 (RLIN) |
25111 |
| 245 10 - MENCIÓN DE TÍTULO |
| Título |
Myths of branding |
| Resto del título |
: dispel the misconceptions and become a brand expert |
| Mención de responsabilidad, etc. |
/ Simon Bailey and Andy Milligan. |
| 250 ## - MENCIÓN DE EDICIÓN |
| Mención de edición |
Second edition. |
| 260 ## - PUBLICACIÓN, DISTRIBUCIÓN, ETC. |
| Lugar de publicación, distribución, etc. |
London ; |
| -- |
New York, NY : |
| Nombre del editor, distribuidor, etc. |
KoganPage, |
| Fecha de publicación, distribución, etc. |
2023. |
| 300 ## - DESCRIPCIÓN FÍSICA |
| Extensión |
viii, 255 pages : |
| Otras características físicas |
illustrations (black and white) ; |
| Dimensiones |
21 cm. |
| 490 ## - MENCIÓN DE SERIE |
| Mención de serie |
Business myths |
| 500 ## - NOTA GENERAL |
| Nota general |
Previous edition: 2019. |
| 504 ## - NOTA DE BIBLIOGRAFÍA, ETC. |
| Nota de bibliografía, etc. |
Includes bibliographical references and index. |
| 520 ## - SUMARIO, ETC. |
| Sumario, etc. |
A brand is just a logo - everyone knows that, don't they? After all, it's not as though a good brand can save a bad business, and besides, the digital revolution is making branding irrelevant...<br/><br/>Myths of Branding, written by renowned branding experts Andy Milligan and Simon Bailey, explores the huge number of misguided, mistaken and blatantly false myths that abound in the branding arena. From the belief that developing brands is nothing more than fiddling with logos, to the perception that it's a 'soft' area of marketing that doesn't go beyond visual identity and that the customer is always right - these myths are all surprisingly entrenched, yet could not be further from the truth.<br/><br/>Myths of Branding uses up-to-date case studies and witty examples to debunk these popular misconceptions, and replaces them with the reality of what it's really like to work in the world of branding. Jam-packed with entertaining anecdotes and useful information that practitioners can learn from, it guarantees a deeper, sharper understanding of the realities of branding and brand management. |
| 650 #0 - PUNTO DE ACCESO ADICIONAL DE MATERIA--TÉRMINO DE MATERIA |
| Término de materia o nombre geográfico como elemento de entrada |
Branding (Marketing) |
| 9 (RLIN) |
6284 |
| 650 #0 - PUNTO DE ACCESO ADICIONAL DE MATERIA--TÉRMINO DE MATERIA |
| Término de materia o nombre geográfico como elemento de entrada |
Logos (Symbols) |
| 9 (RLIN) |
25112 |
| 700 ## - ENTRADA AGREGADA--NOMBRE PERSONAL |
| Nombre de persona |
Milligan, Andy |
| Término indicativo de función/relación |
author |
| 9 (RLIN) |
25113 |
| 942 ## - ELEMENTOS DE ENTRADA AGREGADA (KOHA) |
| Fuente del sistema de clasificación o colocación |
Clasificación de Library of Congress |